[Event "43. Olimpiada Batumi 2018 Femenina"]
[Site "Batumi GEO"]
[Date "2018.09.27"]
[Round "4.2"]
[White "Amura, Claudia"]
[Black "Garcia Martin, Marta"]
[Result "1-0"]
[WhiteElo "2249"]
[BlackElo "2329"]
[PlyCount "73"]
[EventDate "2018.09.24"]
[EventType "team-swiss"]
[EventRounds "11"]
[EventCountry "GEO"]
[SourceTitle "Ajedrez en Madrid"]
[Source "lmi"]
[SourceDate "2018.09.24"]
[WhiteTeam "Argentina"]
[BlackTeam "Spain"]
[WhiteTeamCountry "ARG"]
[BlackTeamCountry "ESP"]

1. d4 Nf6 2. c4 e6 3. Nc3 Bb4 4. Bd2 O-O 5. Nf3 b6 6. e3 Bb7 7. Bd3 Bxc3 8.
Bxc3 Ne4 9. Rc1 d6 10. O-O Nd7 11. Be1 f5 12. Nd2 Nxd2 13. Qxd2 Qg5 14. f3 Qg6
15. b4 Rad8 16. Bh4 Nf6 17. c5 dxc5 18. bxc5 Bd5 19. cxb6 cxb6 20. Qe2 Rd7 21.
e4 fxe4 22. fxe4 Bxe4 23. Rxf6 gxf6 24. Bxe4 Qh6 25. Qg4+ Kh8 26. Rf1 Rxd4 27.
Bf2 Rd6 28. Qg3 Rfd8 29. Bc2 Qg7 30. Qe3 Rd2 31. Bb3 e5 32. Qf3 R2d3 33. Qf5
Qg6 34. Bh4 Qxf5 35. Rxf5 Kg7 36. Bxf6+ Kg6 37. Bxd8 1-0

[Event "43. Olimpiada Batumi 2018 Femenina"]
[Site "Batumi GEO"]
[Date "2018.09.27"]
[Round "4.3"]
[White "Matnadze, Ana"]
[Black "Martinez, Ayelen"]
[Result "1/2-1/2"]
[WhiteElo "2362"]
[BlackElo "2215"]
[PlyCount "209"]
[EventDate "2018.09.24"]
[EventType "team-swiss"]
[EventRounds "11"]
[EventCountry "GEO"]
[SourceTitle "Ajedrez en Madrid"]
[Source "lmi"]
[SourceDate "2018.09.24"]
[WhiteTeam "Spain"]
[BlackTeam "Argentina"]
[WhiteTeamCountry "ESP"]
[BlackTeamCountry "ARG"]

1. d4 d5 2. Nf3 c6 3. g3 Nf6 4. Bg2 Bf5 5. O-O e6 6. b3 Nbd7 7. Bb2 Be7 8. c4
O-O 9. Nc3 h6 10. e3 Ne4 11. Nxe4 Bxe4 12. Nd2 Bxg2 13. Kxg2 f5 14. Qe2 Bf6 15.
Qd3 Qe8 16. a4 Nc5 17. Qc2 Ne4 18. Nxe4 fxe4 19. f3 Qg6 20. Kh1 Bg5 21. a5 Bxe3
22. cxd5 exd5 23. f4 c5 24. dxc5 b6 25. axb6 axb6 26. b4 bxc5 27. Rxa8 Rxa8 28.
Qb3 Qa6 29. Qxd5+ Kh8 30. b5 Qc8 31. f5 Bd4 32. Bxd4 cxd4 33. Qxd4 Qd8 34.
Qxd8+ Rxd8 35. Rb1 e3 36. Kg2 e2 37. Re1 Rd2 38. Kf3 Rb2 39. Rxe2 Rxb5 40. Re8+
Kh7 41. Kf4 Rb4+ 42. Re4 Rb2 43. h4 Rf2+ 44. Ke5 h5 45. Re3 Rf1 46. Ke6 Ra1 47.
Rd3 Ra6+ 48. Ke5 Ra5+ 49. Ke4 Ra4+ 50. Ke5 Ra5+ 51. Kf4 g6 52. fxg6+ Kxg6 53.
Rd6+ Kh7 54. Re6 Ra4+ 55. Re4 Ra3 56. Re7+ Kh6 57. Re6+ Kh7 58. Re3 Ra4+ 59.
Kg5 Ra5+ 60. Kf6 Ra6+ 61. Kf7 Ra7+ 62. Kf6 Ra6+ 63. Kf5 Ra5+ 64. Re5 Ra3 65.
Kf4 Kh6 66. Re3 Ra4+ 67. Kf5 Ra5+ 68. Kf6 Ra1 69. Re5 Ra3 70. Rg5 Ra6+ 71. Ke7
Ra7+ 72. Kd6 Ra6+ 73. Kd7 Ra7+ 74. Kc8 Ra8+ 75. Kb7 Ra3 76. Kb6 Rb3+ 77. Kc5
Ra3 78. Kd4 Ra4+ 79. Ke3 Ra3+ 80. Kf2 Ra2+ 81. Kf3 Ra3+ 82. Kg2 Ra2+ 83. Kh3
Rb2 84. Re5 Ra2 85. Re6+ Kh7 86. Re1 Kg6 87. Rg1 Rb2 88. Rg2 Rb6 89. Re2 Ra6
90. Kg2 Rb6 91. Kf3 Rf6+ 92. Kg2 Ra6 93. Re4 Rf6 94. Rf4 Ra6 95. Re4 Rf6 96.
Re5 Rf8 97. Rg5+ Kh6 98. Rb5 Kg6 99. Rb6+ Kh7 100. Rb2 Kg6 101. Rf2 Ra8 102.
Kf3 Ra3+ 103. Kg2 Ra8 104. Rd2 Rf8 105. Rd4 1/2-1/2

[Event "43. Olimpiada Batumi 2018 Femenina"]
[Site "Batumi GEO"]
[Date "2018.09.27"]
[Round "4.4"]
[White "Zuriel, Marisa"]
[Black "Hernandez Estevez, Yudania"]
[Result "0-1"]
[WhiteElo "2186"]
[BlackElo "2192"]
[PlyCount "80"]
[EventDate "2018.09.24"]
[EventType "team-swiss"]
[EventRounds "11"]
[EventCountry "GEO"]
[SourceTitle "Ajedrez en Madrid"]
[Source "lmi"]
[SourceDate "2018.09.24"]
[WhiteTeam "Argentina"]
[BlackTeam "Spain"]
[WhiteTeamCountry "ARG"]
[BlackTeamCountry "ESP"]

1. e4 c6 2. d4 d5 3. e5 Bf5 4. Nf3 e6 5. Be2 Ne7 6. O-O c5 7. c3 Nec6 8. a3 Nd7
9. b4 cxd4 10. cxd4 a6 11. Be3 Be7 12. Nbd2 O-O 13. Nb3 f6 14. exf6 Bxf6 15.
Rc1 Rc8 16. h3 Qe8 17. Nh2 e5 18. dxe5 Ndxe5 19. Bc5 Rf7 20. Ng4 Nxg4 21. Bxg4
Qd7 22. Bxf5 Qxf5 23. Rc2 Be5 24. Be3 Rd8 25. Rd2 Rd6 26. Nd4 Bxd4 27. Bxd4 Rg6
28. Qb3 Qe4 29. f3 Nxd4 30. fxe4 Nxb3 31. Rd3 Rxf1+ 32. Kxf1 Nc1 33. Rc3 Rc6
34. Re3 d4 35. Rg3 Rc3 36. Rg5 Rxa3 37. Rc5 Rc3 38. Rd5 Nb3 39. e5 Kf7 40. Rd7+
Ke6 0-1

[Event "43. Olimpiada Batumi 2018 Femenina"]
[Site "Batumi GEO"]
[Date "2018.09.27"]
[Round "4.2"]
[White "Gunina, Valentina"]
[Black "Efroimski, Marsel"]
[Result "1-0"]
[WhiteElo "2528"]
[BlackElo "2313"]
[PlyCount "91"]
[EventDate "2018.09.24"]
[EventType "team-swiss"]
[EventRounds "11"]
[EventCountry "GEO"]
[SourceTitle "Ajedrez en Madrid"]
[Source "lmi"]
[SourceDate "2018.09.24"]
[WhiteTeam "Russia"]
[BlackTeam "Israel"]
[WhiteTeamCountry "RUS"]
[BlackTeamCountry "ISR"]

1. d4 e6 2. c4 b6 3. e4 Bb7 4. Bd3 Bb4+ 5. Kf1 Be7 6. Nf3 d6 7. Nc3 Nd7 8. g3
Bf6 9. h4 Ne7 10. Kg2 a6 11. Bg5 c5 12. d5 h6 13. Bf4 Qc7 14. a4 Ng6 15. Bd2
Nge5 16. Nxe5 Nxe5 17. Be2 Nd7 18. Bf4 Bxc3 19. bxc3 e5 20. Be3 Nf6 21. Bf3 a5
22. g4 Ng8 23. g5 hxg5 24. hxg5 Rxh1 25. Qxh1 O-O-O 26. Qh7 g6 27. Rh1 Qe7 28.
Qg7 Kb8 29. Rh8 Qf8 30. Qxf8 Rxf8 31. Bg4 Bc8 32. Bxc8 Kxc8 33. f4 Kd7 34. fxe5
dxe5 35. Bf2 Re8 36. Rh7 Ke7 37. Bg3 Kf8 38. Rh1 f6 39. Rb1 fxg5 40. Rxb6 Kf7
41. Rb7+ Kf6 42. Rb5 Rc8 43. Rxa5 g4 44. Ra6+ Kg5 45. Bxe5 Re8 46. d6 1-0

[Event "43. Olimpiada Batumi 2018 Femenina"]
[Site "Batumi GEO"]
[Date "2018.09.27"]
[Round "4.3"]
[White "Klinova, Masha"]
[Black "Pogonina, Natalija"]
[Result "1/2-1/2"]
[WhiteElo "2288"]
[BlackElo "2469"]
[PlyCount "88"]
[EventDate "2018.09.24"]
[EventType "team-swiss"]
[EventRounds "11"]
[EventCountry "GEO"]
[SourceTitle "Ajedrez en Madrid"]
[Source "lmi"]
[SourceDate "2018.09.24"]
[WhiteTeam "Israel"]
[BlackTeam "Russia"]
[WhiteTeamCountry "ISR"]
[BlackTeamCountry "RUS"]

1. e4 e5 2. Nf3 Nc6 3. Bc4 Bc5 4. d3 Nf6 5. O-O d6 6. c3 a6 7. Bb3 h6 8. Re1
O-O 9. h3 Re8 10. Nbd2 Be6 11. Nf1 Bxb3 12. axb3 d5 13. Qe2 Qd7 14. Ng3 Rad8
15. Nf5 Bf8 16. Nh2 a5 17. Ng4 Nxg4 18. Qxg4 Kh7 19. Ne3 d4 20. Qxd7 Rxd7 21.
Nd5 f5 22. Bd2 fxe4 23. dxe4 b6 24. Rec1 Bc5 25. b4 dxc3 26. bxc3 Bd6 27. Rcb1
Rdd8 28. Kf1 axb4 29. cxb4 Nd4 30. Ra7 Nb5 31. Ra2 Rb8 32. f3 Kg6 33. Ne3 Kf6
34. Rc1 Ra8 35. Rca1 Rxa2 36. Rxa2 Rd8 37. Nd5+ Ke6 38. Be3 h5 39. Kf2 g6 40.
Kf1 Rb8 41. Kf2 Rd8 42. Kf1 Rb8 43. Kf2 Rd8 44. Kf1 Rb8 1/2-1/2

[Event "43. Olimpiada Batumi 2018 Femenina"]
[Site "Batumi GEO"]
[Date "2018.09.27"]
[Round "4.4"]
[White "Girya, Olga"]
[Black "Gutmakher, Olga"]
[Result "1-0"]
[WhiteElo "2462"]
[BlackElo "2258"]
[PlyCount "97"]
[EventDate "2018.09.24"]
[EventType "team-swiss"]
[EventRounds "11"]
[EventCountry "GEO"]
[SourceTitle "Ajedrez en Madrid"]
[Source "lmi"]
[SourceDate "2018.09.24"]
[WhiteTeam "Russia"]
[BlackTeam "Israel"]
[WhiteTeamCountry "RUS"]
[BlackTeamCountry "ISR"]

1. d4 d5 2. c4 dxc4 3. e4 b5 4. a4 c6 5. b3 e5 6. Nf3 Bg4 7. bxc4 Bxf3 8. gxf3
Bb4+ 9. Bd2 Qxd4 10. Bxb4 Qxa1 11. cxb5 Qd4 12. Qb3 c5 13. Bc3 Qd6 14. Bc4 Nd7
15. Bxf7+ Ke7 16. Nd2 Nh6 17. Bd5 Raf8 18. Rg1 g6 19. Nc4 Qc7 20. Ke2 Nf7 21.
a5 Nd6 22. b6 axb6 23. axb6 Rb8 24. bxc7 Rxb3 25. Nxd6 Rxc3 26. c8=Q Rxc8 27.
Nxc8+ Kd8 28. Rd1 Rc2+ 29. Ke1 Kc7 30. Nd6 Rb2 31. Nc4 Rb8 32. Ra1 Nf6 33. Ra7+
Kd8 34. Ra8 Rxa8 35. Bxa8 Nd7 36. Bc6 Nf8 37. Nxe5 Ne6 38. Bd5 Nf4 39. Bc4 Ke7
40. Nd3 Ng2+ 41. Ke2 Kd6 42. f4 Nh4 43. f3 h6 44. Kf2 g5 45. f5 Ke7 46. Nxc5
Kf6 47. Nd7+ Ke7 48. Be6 Kd6 49. Kg3 1-0

[Event "43. Olimpiada Batumi 2018 Femenina"]
[Site "Batumi GEO"]
[Date "2018.09.27"]
[Round "4.1"]
[White "Liu, Yang Hazel"]
[Black "Worek, Joanna"]
[Result "0-1"]
[WhiteElo "2064"]
[BlackElo "2295"]
[PlyCount "74"]
[EventDate "2018.09.24"]
[EventType "team-swiss"]
[EventRounds "11"]
[EventCountry "GEO"]
[SourceTitle "Ajedrez en Madrid"]
[Source "lmi"]
[SourceDate "2018.09.24"]
[WhiteTeam "Singapore"]
[BlackTeam "Czech Republic"]
[WhiteTeamCountry "SIN"]
[BlackTeamCountry "CZE"]

1. d4 Nf6 2. Bf4 b6 3. Nf3 Bb7 4. e3 g6 5. Nbd2 Bg7 6. Bd3 d6 7. e4 e6 8. O-O
O-O 9. Qe2 h6 10. h3 Nbd7 11. Rfd1 e5 12. dxe5 Nh5 13. Bh2 dxe5 14. Ba6 Bxa6
15. Qxa6 Nc5 16. Qa3 Qe8 17. b4 Ne6 18. Bxe5 Bxe5 19. Nxe5 Nd4 20. Ndf3 Nxc2
21. Qc1 Nxa1 22. Nd7 Rd8 23. Nxf8 Rxd1+ 24. Qxd1 Qxf8 25. Qxa1 Qxb4 26. Qe5 Qc4
27. a3 a5 28. Nd4 Qc3 29. Qe8+ Kg7 30. Qe5+ Kh7 31. g4 Ng7 32. Kg2 Ne6 33. Nf3
Qxa3 34. Qf6 Qf8 35. Ne5 Qg7 36. Qxf7 Qxf7 37. Nxf7 a4 0-1

[Event "43. Olimpiada Batumi 2018 Femenina"]
[Site "Batumi GEO"]
[Date "2018.09.27"]
[Round "4.2"]
[White "Petrova, Kristyna"]
[Black "Hng, Mei-En Emmanuelle"]
[Result "1-0"]
[WhiteElo "2248"]
[BlackElo "2020"]
[PlyCount "103"]
[EventDate "2018.09.24"]
[EventType "team-swiss"]
[EventRounds "11"]
[EventCountry "GEO"]
[SourceTitle "Ajedrez en Madrid"]
[Source "lmi"]
[SourceDate "2018.09.24"]
[WhiteTeam "Czech Republic"]
[BlackTeam "Singapore"]
[WhiteTeamCountry "CZE"]
[BlackTeamCountry "SIN"]

1. e4 c5 2. Nf3 e6 3. d4 cxd4 4. Nxd4 a6 5. Bd3 Bc5 6. Nb3 Ba7 7. O-O Nc6 8.
Qg4 Nf6 9. Qxg7 Rg8 10. Qh6 Rg6 11. Qh4 Ne5 12. Be2 b5 13. Bg5 Bb7 14. N1d2 h6
15. Bxf6 Rxf6 16. Bh5 Rc8 17. Qg3 Qc7 18. c3 Ke7 19. a3 Qb8 20. Nd4 Rg8 21. Qh3
Ng6 22. Bxg6 Rfxg6 23. g3 Qf4 24. Rad1 Bxd4 25. cxd4 Bxe4 26. Nxe4 Qxe4 27. d5
Qf3 28. Qh4+ Kf8 29. Qd8+ Kg7 30. Qxd7 Kh7 31. Qd6 h5 32. dxe6 fxe6 33. Rd3 Qf6
34. Qd4 e5 35. Qe4 Rf8 36. Rd5 h4 37. Rxe5 hxg3 38. hxg3 Kh8 39. Rh5+ Kg8 40.
Qd5+ Rf7 41. Qd3 Kg7 42. b4 Qf3 43. Qxf3 Rxf3 44. Ra1 Rd6 45. Kg2 Rb3 46. Rh4
Rd2 47. Rf4 Rdb2 48. Rd4 Rc3 49. Rd7+ Kf6 50. Rd6+ Kg5 51. Rxa6 Rcc2 52. Rf1
1-0

[Event "43. Olimpiada Batumi 2018 Femenina"]
[Site "Batumi GEO"]
[Date "2018.09.27"]
[Round "4.3"]
[White "Siew, Kai Xin"]
[Black "Novosadova, Kristyna"]
[Result "0-1"]
[WhiteElo "1751"]
[BlackElo "2231"]
[PlyCount "70"]
[EventDate "2018.09.24"]
[EventType "team-swiss"]
[EventRounds "11"]
[EventCountry "GEO"]
[SourceTitle "Ajedrez en Madrid"]
[Source "lmi"]
[SourceDate "2018.09.24"]
[WhiteTeam "Singapore"]
[BlackTeam "Czech Republic"]
[WhiteTeamCountry "SIN"]
[BlackTeamCountry "CZE"]

1. d4 d5 2. Nf3 Nf6 3. c4 c6 4. Qc2 e6 5. Bg5 h6 6. Bh4 dxc4 7. Qxc4 b5 8. Qd3
Bb7 9. e3 a6 10. Be2 c5 11. O-O Nc6 12. Nc3 c4 13. Qb1 Be7 14. Bxf6 gxf6 15. a3
Na5 16. Qc2 Qc7 17. Rad1 O-O-O 18. e4 Bd6 19. d5 Rhg8 20. g3 Bc5 21. Kh1 f5 22.
dxe6 fxe6 23. Rxd8+ Rxd8 24. Nh4 Nb3 25. Ng2 Rd2 26. Qb1 Bd4 27. Bf3 Bxc3 28.
bxc3 Rd3 29. Nh4 Nd2 30. Qe1 Nxf3 31. Nxf3 Bxe4 32. Kg1 Rxf3 33. Qd2 Qd7 34.
Qxh6 Rd3 35. Qh3 Bc6 0-1

[Event "43. Olimpiada Batumi 2018 Femenina"]
[Site "Batumi GEO"]
[Date "2018.09.27"]
[Round "4.4"]
[White "Sikorova, Olga"]
[Black "Hng, Mei-Xian Eunice"]
[Result "1-0"]
[WhiteElo "2276"]
[BlackElo "1687"]
[PlyCount "111"]
[EventDate "2018.09.24"]
[EventType "team-swiss"]
[EventRounds "11"]
[EventCountry "GEO"]
[SourceTitle "Ajedrez en Madrid"]
[Source "lmi"]
[SourceDate "2018.09.24"]
[WhiteTeam "Czech Republic"]
[BlackTeam "Singapore"]
[WhiteTeamCountry "CZE"]
[BlackTeamCountry "SIN"]

1. c4 e5 2. g3 Bc5 3. Nc3 Nf6 4. Bg2 c6 5. e3 d5 6. cxd5 cxd5 7. d4 exd4 8.
exd4 Bb6 9. Nge2 Nc6 10. O-O O-O 11. Bg5 Be6 12. Na4 h6 13. Nxb6 axb6 14. Be3
Na5 15. b3 Qd7 16. Re1 Rfc8 17. Qd2 Bf5 18. Nc3 Ne4 19. Nxe4 Bxe4 20. Bxe4 dxe4
21. d5 Rd8 22. Rad1 Ra6 23. Qb4 Qf5 24. Bxb6 Rxd5 25. Rxd5 Qxd5 26. Bxa5 Rxa5
27. Qxe4 Qd2 28. Qe2 Qc3 29. Qe8+ Kh7 30. Rd1 Qf3 31. Rd4 Rxa2 32. Qe4+ Qxe4
33. Rxe4 Ra1+ 34. Kg2 Rc1 35. Re7 b5 36. Re5 Rb1 37. Rxb5 Kg6 38. Kf3 Kf6 39.
h4 g6 40. Ke3 Ke6 41. Rb4 Kd5 42. Kd3 Rb2 43. f3 h5 44. Rd4+ Ke5 45. f4+ Kf5
46. Kc3 Rg2 47. Rd5+ Ke6 48. Rd3 Kf5 49. b4 Ke4 50. Kc4 Rb2 51. Rc3 Rb1 52. b5
Kf5 53. Kc5 Ke6 54. Kc6 Rd1 55. b6 Rd6+ 56. Kc7 1-0

[Event "43. Olimpiada Batumi 2018 Femenina"]
[Site "Batumi GEO"]
[Date "2018.09.27"]
[Round "4.1"]
[White "Badelka, Olga"]
[Black "Geldiyeva, Mahri"]
[Result "1/2-1/2"]
[WhiteElo "2404"]
[BlackElo "2139"]
[PlyCount "106"]
[EventDate "2018.09.24"]
[EventType "team-swiss"]
[EventRounds "11"]
[EventCountry "GEO"]
[SourceTitle "Ajedrez en Madrid"]
[Source "lmi"]
[SourceDate "2018.09.24"]
[WhiteTeam "Belarus"]
[BlackTeam "Turkmenistan"]
[WhiteTeamCountry "BLR"]
[BlackTeamCountry "TKM"]

1. c4 c5 2. Nc3 Nc6 3. Nf3 g6 4. e3 e5 5. d4 d6 6. dxc5 dxc5 7. Qxd8+ Kxd8 8.
Bd2 f6 9. O-O-O Ke7 10. Nd5+ Kf7 11. Bd3 Nge7 12. Bc3 Rb8 13. Nd2 Nxd5 14. cxd5
Nb4 15. Bxb4 cxb4 16. Kb1 Bd7 17. Rc1 Bd6 18. Nc4 Ke7 19. h4 f5 20. h5 b6 21.
Be2 Rbg8 22. g3 g5 23. h6 Rg6 24. Kc2 b5 25. Nxd6 Rxd6 26. Kb3 a5 27. Rc7 Rc8
28. Rxc8 Bxc8 29. Bxb5 Rxd5 30. Ka4 Rd2 31. Kxa5 Rxb2 32. Rc1 Be6 33. Rc7+ Kf6
34. Rxh7 Rxa2+ 35. Kxb4 Rxf2 36. Ra7 Rh2 37. h7 Bf7 38. Kc5 Rxh7 39. Bc4 g4 40.
Kd6 Bg8 41. Rxh7 Bxh7 42. Be6 e4 43. Bc4 Bg6 44. Be2 Bf7 45. Bd1 Ba2 46. Bc2
Bc4 47. Bd1 Ba2 48. Bc2 Be6 49. Bd1 Bf7 50. Bc2 Bc4 51. Bd1 Ba2 52. Bc2 Be6 53.
Bd1 Ba2 1/2-1/2

[Event "43. Olimpiada Batumi 2018 Femenina"]
[Site "Batumi GEO"]
[Date "2018.09.27"]
[Round "4.2"]
[White "Hallaeva, Bahar"]
[Black "Kusenkova, Natallia"]
[Result "1/2-1/2"]
[WhiteElo "2098"]
[BlackElo "2167"]
[PlyCount "141"]
[EventDate "2018.09.24"]
[EventType "team-swiss"]
[EventRounds "11"]
[EventCountry "GEO"]
[SourceTitle "Ajedrez en Madrid"]
[Source "lmi"]
[SourceDate "2018.09.24"]
[WhiteTeam "Turkmenistan"]
[BlackTeam "Belarus"]
[WhiteTeamCountry "TKM"]
[BlackTeamCountry "BLR"]

1. e4 e5 2. Nf3 Nc6 3. Bc4 Bc5 4. d3 Nf6 5. c3 O-O 6. Bb3 d5 7. Qe2 h6 8. h3
Re8 9. Nbd2 a5 10. Ba4 Bd7 11. O-O Na7 12. Bxd7 Qxd7 13. Nh4 Nc6 14. Ndf3 Rad8
15. Nf5 dxe4 16. dxe4 Qd3 17. Qxd3 Rxd3 18. Ng3 Red8 19. a4 Nd7 20. Re1 Nb6 21.
Kf1 f6 22. Ke2 Ne7 23. Nd2 Nc6 24. Nb3 Bf8 25. Nf5 R3d7 26. Be3 Nc4 27. Rab1 b6
28. Bc1 Ne7 29. Ne3 Nd6 30. f3 Nb7 31. Nc4 Nc8 32. Be3 Ncd6 33. Ncd2 Kf7 34.
Red1 Ke6 35. Bf2 g6 36. Bh4 Be7 37. Bf2 Nc8 38. Nf1 Rxd1 39. Rxd1 Rxd1 40. Kxd1
c6 41. Be3 h5 42. c4 Bb4 43. Nfd2 h4 44. Kc2 c5 45. Nf1 Ncd6 46. Kd3 Nd8 47.
Bf2 g5 48. Ne3 Nc6 49. Nd5 Nc8 50. Nc1 Nd4 51. Bxd4 exd4 52. Ke2 f5 53. exf5+
Kxf5 54. Nd3 Ke6 55. Nf2 Ke5 56. Ne4 Kf5 57. Ndf6 Ne7 58. Ne8 Ng6 59. N8d6+ Ke6
60. Nc8 Nf4+ 61. Kf1 d3 62. Nxg5+ Kd7 63. Nxb6+ Kc6 64. Nd5 Nxd5 65. cxd5+ Kxd5
66. Kf2 c4 67. Ke3 Bc5+ 68. Kd2 Bb4+ 69. Ke3 Bc5+ 70. Kd2 Bb4+ 71. Ke3 1/2-1/2

[Event "43. Olimpiada Batumi 2018 Femenina"]
[Site "Batumi GEO"]
[Date "2018.09.27"]
[Round "4.3"]
[White "Ilyuchyk, Yana"]
[Black "Ovezdurdiyeva, Jemal"]
[Result "1-0"]
[WhiteElo "2114"]
[BlackElo "2075"]
[PlyCount "143"]
[EventDate "2018.09.24"]
[EventType "team-swiss"]
[EventRounds "11"]
[EventCountry "GEO"]
[SourceTitle "Ajedrez en Madrid"]
[Source "lmi"]
[SourceDate "2018.09.24"]
[WhiteTeam "Belarus"]
[BlackTeam "Turkmenistan"]
[WhiteTeamCountry "BLR"]
[BlackTeamCountry "TKM"]

1. e4 c5 2. Nf3 d6 3. d4 cxd4 4. Nxd4 Nf6 5. Nc3 a6 6. g3 e5 7. Nde2 Be7 8. Bg2
Be6 9. O-O O-O 10. h3 Nbd7 11. a4 Nb6 12. Nd5 Nfxd5 13. exd5 Bf5 14. c3 Bf6 15.
g4 Bg6 16. Ng3 Rc8 17. Ne4 Be7 18. Qb3 f5 19. gxf5 Bxf5 20. a5 Nd7 21. Be3 Nf6
22. Ng5 Qd7 23. Ne6 Rfe8 24. Ra4 e4 25. Bd4 Qb5 26. Qxb5 axb5 27. Raa1 g6 28.
Bxf6 Bxf6 29. Rfe1 Rc4 30. Bf1 Rcc8 31. Bxb5 Re7 32. Kg2 Bxe6 33. dxe6 Rc5 34.
Bd7 Rg5+ 35. Kf1 d5 36. Rad1 Rf5 37. c4 dxc4 38. Rxe4 Bxb2 39. Rxc4 Rxa5 40.
Rb1 Ba3 41. Rxb7 Rf5 42. Rb6 Bc5 43. Rb5 Bd6 44. Rxf5 gxf5 45. Rd4 Bc7 46. Rd5
f4 47. Rg5+ Kf8 48. Ke2 Bd6 49. Rd5 Bc7 50. Rf5+ Kg7 51. Kf3 Kg6 52. Ke4 h6 53.
Rf8 Kg7 54. Rc8 Bd6 55. Kf5 Kh7 56. Rc6 Ba3 57. Kxf4 Kg6 58. Rc3 Bd6+ 59. Ke4
Rh7 60. Rf3 Rh8 61. Kd5 Be7 62. Rf4 Rf8 63. Rg4+ Kh7 64. Bb5 Rxf2 65. Bd3+ Kh8
66. Kc6 Rf3 67. Kd7 Ba3 68. Be4 Rxh3 69. e7 Bxe7 70. Kxe7 h5 71. Rg5 Ra3 72.
Kf8 1-0

[Event "43. Olimpiada Batumi 2018 Femenina"]
[Site "Batumi GEO"]
[Date "2018.09.27"]
[Round "4.4"]
[White "Shohradowa, Lala"]
[Black "Kaliadzich, Maryia"]
[Result "1/2-1/2"]
[WhiteElo "1950"]
[BlackElo "2040"]
[PlyCount "117"]
[EventDate "2018.09.24"]
[EventType "team-swiss"]
[EventRounds "11"]
[EventCountry "GEO"]
[SourceTitle "Ajedrez en Madrid"]
[Source "lmi"]
[SourceDate "2018.09.24"]
[WhiteTeam "Turkmenistan"]
[BlackTeam "Belarus"]
[WhiteTeamCountry "TKM"]
[BlackTeamCountry "BLR"]

1. d4 d5 2. c4 c6 3. Nf3 Nf6 4. Nc3 e6 5. cxd5 exd5 6. Bf4 Bd6 7. Bxd6 Qxd6 8.
e3 O-O 9. Bd3 Bg4 10. Qb3 Bxf3 11. gxf3 Nbd7 12. Rd1 c5 13. Bb1 cxd4 14. Rxd4
Ne5 15. Qd1 Rad8 16. a3 Qe6 17. Ba2 Qh3 18. Bxd5 Qg2 19. Rf1 Nxd5 20. Rxd5
Nxf3+ 21. Ke2 Rde8 22. Rf5 Nh4 23. Rf4 Ng6 24. Rf3 Qxh2 25. Rh1 Qe5 26. Kf1 Rd8
27. Qc2 Qd6 28. Rfh3 h6 29. Qb3 Rd7 30. Rg3 Kh7 31. Rg4 Qd3+ 32. Kg2 Qf5 33.
Qb4 Re8 34. Rd4 Rxd4 35. Qxd4 a6 36. Rd1 Ne5 37. Qd5 Qg4+ 38. Kf1 Qh3+ 39. Ke2
Qg4+ 40. Kd2 Nc4+ 41. Kc1 b5 42. Qxf7 Rc8 43. Qe7 Qg6 44. e4 Qg2 45. Qf7 Qxe4
46. Rg1 Qe5 47. Rxg7+ Qxg7 48. Qf5+ Qg6 49. Qd7+ Qg7 50. Qxc8 Qg1+ 51. Nd1 Qg5+
52. Kb1 Qd2 53. Qb7+ Kg8 54. Qc8+ Kh7 55. Qb7+ Kg8 56. Qg2+ Kh8 57. Qf3 Kg7 58.
Qb7+ Kg8 59. Qa8+ 1/2-1/2

[Event "43. Olimpiada Batumi 2018 Femenina"]
[Site "Batumi GEO"]
[Date "2018.09.27"]
[Round "4.1"]
[White "Bulmaga, Irina"]
[Black "Fuentes Godoy, Lilia Ivonne"]
[Result "1/2-1/2"]
[WhiteElo "2394"]
[BlackElo "2079"]
[PlyCount "137"]
[EventDate "2018.09.24"]
[EventType "team-swiss"]
[EventRounds "11"]
[EventCountry "GEO"]
[SourceTitle "Ajedrez en Madrid"]
[Source "lmi"]
[SourceDate "2018.09.24"]
[WhiteTeam "Romania"]
[BlackTeam "Mexico"]
[WhiteTeamCountry "ROU"]
[BlackTeamCountry "MEX"]

1. e4 c6 2. d4 d5 3. e5 Bf5 4. Nf3 e6 5. Be2 Ne7 6. O-O Ng6 7. Be3 Nd7 8. Nbd2
f6 9. exf6 Qxf6 10. c4 Bd6 11. Re1 O-O 12. Nf1 Nf4 13. Bxf4 Bxf4 14. Ng3 Bg6
15. Bd3 Bxg3 16. hxg3 Bh5 17. Be2 Rae8 18. Rf1 Bxf3 19. Bxf3 e5 20. cxd5 exd4
21. Qb3 c5 22. Bg4 Nb6 23. Be6+ Kh8 24. a4 Nc8 25. Qc2 Nd6 26. Qxc5 Ne4 27. Qc2
Ng5 28. Rae1 Nxe6 29. dxe6 Rxe6 30. Rxe6 Qxe6 31. Qd2 Qb6 32. a5 Qc5 33. Rc1
Qd5 34. Qd3 h6 35. b4 Qd6 36. b5 Qf6 37. Rc2 Re8 38. Kf1 Qd6 39. Rd2 Rd8 40. a6
bxa6 41. bxa6 Rc8 42. Rd1 Rc6 43. Re1 Qd7 44. Kg1 Rd6 45. Rb1 Qc8 46. Rb7 Rd5
47. Qg6 Rg5 48. Qb1 Rc5 49. Qb2 Qg4 50. Rb8+ Rc8 51. f3 Qe6 52. Qb3 Qxa6 53.
Rb7 Qa1+ 54. Kh2 Rf8 55. Rd7 Qc3 56. Qb7 d3 57. Qxa7 Re8 58. Qd4 Qxd4 59. Rxd4
Re3 60. Kh3 Kg8 61. Kg4 Kf7 62. Kf4 Re2 63. Rxd3 Rxg2 64. g4 Re2 65. Kf5 g6+
66. Kf4 Re6 67. Rd7+ Kf6 68. Kg3 g5 69. Rc7 1/2-1/2

[Event "43. Olimpiada Batumi 2018 Femenina"]
[Site "Batumi GEO"]
[Date "2018.09.27"]
[Round "4.2"]
[White "Real Pereyra, Diana Carime"]
[Black "Peptan, Corina-Isabela"]
[Result "0-1"]
[WhiteElo "2110"]
[BlackElo "2374"]
[PlyCount "78"]
[EventDate "2018.09.24"]
[EventType "team-swiss"]
[EventRounds "11"]
[EventCountry "GEO"]
[SourceTitle "Ajedrez en Madrid"]
[Source "lmi"]
[SourceDate "2018.09.24"]
[WhiteTeam "Mexico"]
[BlackTeam "Romania"]
[WhiteTeamCountry "MEX"]
[BlackTeamCountry "ROU"]

1. e4 c5 2. Nf3 e6 3. Nc3 a6 4. d4 cxd4 5. Nxd4 Qc7 6. Bd3 Nf6 7. Qe2 d6 8. Bg5
Be7 9. O-O-O Nc6 10. Nb3 b5 11. f4 b4 12. Bxf6 Bxf6 13. e5 dxe5 14. Ne4 Be7 15.
fxe5 Nxe5 16. Kb1 Bb7 17. h4 Nxd3 18. Rxd3 Bxe4 19. Qxe4 O-O 20. Rf1 Rac8 21.
Rdf3 Qc6 22. Qe2 Qc4 23. Qf2 Bxh4 24. g3 Bf6 25. Rf4 Qb5 26. Rg4 Rc4 27. Rxc4
Qxc4 28. Re1 Rd8 29. Qb6 h6 30. Qf2 Qd5 31. Qe2 a5 32. Nc1 a4 33. Qd3 Qc6 34.
Qe2 a3 35. Nd3 axb2 36. Qe4 Qc3 37. g4 Rd4 38. Qe2 Rd5 39. Qe4 b3 0-1

[Event "43. Olimpiada Batumi 2018 Femenina"]
[Site "Batumi GEO"]
[Date "2018.09.27"]
[Round "4.3"]
[White "Cosma, Elena-Luminita"]
[Black "Garcia Morales, Ivette Ale"]
[Result "1/2-1/2"]
[WhiteElo "2328"]
[BlackElo "2013"]
[PlyCount "70"]
[EventDate "2018.09.24"]
[EventType "team-swiss"]
[EventRounds "11"]
[EventCountry "GEO"]
[SourceTitle "Ajedrez en Madrid"]
[Source "lmi"]
[SourceDate "2018.09.24"]
[WhiteTeam "Romania"]
[BlackTeam "Mexico"]
[WhiteTeamCountry "ROU"]
[BlackTeamCountry "MEX"]

1. d4 Nf6 2. Nf3 e6 3. g3 b5 4. Bg2 Bb7 5. O-O c5 6. Na3 Qb6 7. c4 b4 8. Nc2
Na6 9. b3 Be7 10. Bb2 O-O 11. e3 Rfd8 12. Qe2 Be4 13. Rfd1 Qb7 14. Nce1 Rac8
15. Bf1 Nb8 16. Nd2 d5 17. dxc5 Nbd7 18. Nxe4 dxe4 19. Bg2 Nxc5 20. Rxd8+ Rxd8
21. Rd1 Rxd1 22. Qxd1 Nfd7 23. Nc2 a5 24. f3 e5 25. fxe4 a4 26. bxa4 Nxa4 27.
Ba1 Nc3 28. Bxc3 bxc3 29. Qd3 Qb1+ 30. Bf1 Nc5 31. Qxc3 Nxe4 32. Qd3 Nc5 33.
Qe2 Qxa2 34. Nb4 Qxe2 35. Bxe2 Kf8 1/2-1/2